000 00338nam a22001217a 4500
999 _c9457
_d9457
003 OSt
008 201203b ||||| |||| 00| 0 eng d
245 _aNew Cloth Market
250 _a2015( Jan Vol.29 No.1, Feb Vol.29 No.2, Mar Vol.29 No.3, Apr Vol.29 No.4 )
260 _aAhmedabad
_bIIMS
650 _aTextile Engineering
942 _2ddc
_cBV